Statistiche per Nazionale italiana di calcio Mondiali 1994

Clicka qui per fare il quiz!

Statistiche generali

  • Questo quiz è stato fatto 287 volte
  • Il punteggio medio è 12 su 23

Statistiche sulle risposte

GiocatoreRuolo% Corretto
5MaldiniDifensore
91%
10Baggio R.Attaccante
89%
1PagliucaPortiere
87%
6BaresiDifensore
84%
13Baggio D.Centrocampista
83%
4CostacurtaDifensore
72%
-SacchiCommissario Tecnico
72%
11AlbertiniCentrocampista
55%
19MassaroAttaccante
55%
20SignoriAttaccante
54%
16DonadoniCentrocampista
53%
21ZolaAttaccante
52%
9TassottiDifensore
48%
3BenarrivoDifensore
41%
12MarchegianiPortiere
40%
17EvaniCentrocampista
38%
14BertiCentrocampista
35%
15ConteCentrocampista
35%
8MussiDifensore
35%
2ApolloniDifensore
31%
18CasiraghiAttaccante
29%
22BucciPortiere
23%
7MinottiDifensore
18%

Distribuzione punteggi

Percentile per numero di risposta

Percentuale di utenti per punteggio

I tuoi punteggi nel tempo

Non hai fatto questo quiz